| 000 -LEADER |
| fixed length control field |
00839nam a22002417a 4500 |
| 003 - CONTROL NUMBER IDENTIFIER |
| control field |
OSt |
| 005 - DATE AND TIME OF LATEST TRANSACTION |
| control field |
20180908103125.0 |
| 008 - FIXED-LENGTH DATA ELEMENTS--GENERAL INFORMATION |
| fixed length control field |
180220b xxu||||| |||| 00| 0 spa d |
| 020 ## - INTERNATIONAL STANDARD BOOK NUMBER |
| International Standard Book Number |
9502002210 |
| 040 ## - CATALOGING SOURCE |
| Transcribing agency |
PJ |
| 100 ## - ASIENTO PRINCIPAL - NOMBRE DE PERSONA |
| 9 (RLIN) |
131 |
| Personal name |
Carrió, Genaro Rubén |
| 245 13 - MENCIÓN DE TÍTULO |
| Título propiamente dicho |
El recurso extraordinario por sentencia arbitraria : |
| Parte restante del título |
en la jurisprudencia de la Corte Suprema / |
| Mención de responsabilidad, etc |
Genaro R. Carrio, Alejandro D. Carrió. |
| 250 ## - EDITION STATEMENT |
| Edition statement |
3a. ed. act. |
| 260 ## - PUBLICATION, DISTRIBUTION, ETC. (IMPRINT) |
| Place of publication, distribution, etc |
Buenos Aires : |
| Date of publication, distribution, etc |
Abeledo - Perrot, |
| Name of publisher, distributor, etc |
1987-1994. |
| 300 ## - DESCRIPCION FISICA |
| Extent |
2 v. |
| Dimensions |
23 cm. |
| Other physical details |
rústica |
| 650 #0 - ASIENTO SECUNDARIO DE MATERIA - TERMINO TEMATICO |
| 9 (RLIN) |
267 |
| Topical term or geographic name as entry element |
DERECHO PROCESAL |
| 650 #0 - ASIENTO SECUNDARIO DE MATERIA - TERMINO TEMATICO |
| 9 (RLIN) |
178 |
| Topical term or geographic name as entry element |
DERECHO CONSTITUCIONAL |
| 650 #0 - ASIENTO SECUNDARIO DE MATERIA - TERMINO TEMATICO |
| 9 (RLIN) |
2044 |
| Topical term or geographic name as entry element |
RECURSO EXTRAORDINARIO |
| 650 #0 - ASIENTO SECUNDARIO DE MATERIA - TERMINO TEMATICO |
| 9 (RLIN) |
2042 |
| Topical term or geographic name as entry element |
SENTENCIA ARBITRARIA |
| 650 #0 - ASIENTO SECUNDARIO DE MATERIA - TERMINO TEMATICO |
| 9 (RLIN) |
699 |
| Topical term or geographic name as entry element |
FALLOS DE LA CORTE SUPREMA |
| 700 ## - ADDED ENTRY--PERSONAL NAME |
| 9 (RLIN) |
2112 |
| Personal name |
Carrió, Alejandro D. |
| 942 ## - ADDED ENTRY ELEMENTS (KOHA) |
| Source of classification or shelving scheme |
|
| Koha item type |
Libros |
| Classification part |
347.957 |
| Item part |
CAR |